| 000 | 00656nam a2200205 a 4500 | ||
|---|---|---|---|
| 001 | 000035465 | ||
| 005 | 20200930074348.0 | ||
| 008 | 111101s1993 sp 000 0 spa d | ||
| 020 | _a847640753x | ||
| 040 |
_aDO-SdBNP _bspa _cBNPHU |
||
| 082 |
_axxxx _bxxxx |
||
| 100 | 1 |
_aShah, Idries _961318 |
|
| 245 | 1 | 3 |
_aLa sabiduría de los idiotas : _bcuentos de la tradición sufí / _cIdries Shah ; traducción Alfonso Colodrón. |
| 260 |
_aMadrid, : _bArca de sabiduría, _c1993. |
||
| 300 |
_a197 p. ; _c18 cm. |
||
| 490 | 1 |
_aEdaf _v9 |
|
| 500 | _aIncluye notas al pie de las páginas | ||
| 700 | 1 |
_aColodrón, Alfonso, _etr. _961319 |
|
| 830 | 0 |
_aEdaf _n9 _961320 |
|
| 999 |
_c34956 _d34956 |
||